| 000 | 03648cam a22008537a 4500 | ||
|---|---|---|---|
| 999 | _c6329 | ||
| 001 | 11572976 | ||
| 003 | LIBRIS | ||
| 005 | 20210107153704.0 | ||
| 008 | 090821s2009 xxu|||||||||||001 0|eng|c | ||
| 010 | _a2008014011 | ||
| 016 | 7 |
_a101469815 _2DNLM |
|
| 020 |
_a9780781777278 _qalk. paper |
||
| 020 |
_a0781777275 _qalk. paper |
||
| 035 | _a(OCoLC)ocn214300131 | ||
| 040 |
_aDNLM/DLC _dNLM _dBAKER _dBTCTA _dYDXCP _dC#P _dBWX _dVAM _dCDX _dIG# _dMav _ea |
||
| 041 | _aeng | ||
| 050 | 0 | 0 |
_aRA645.5 _b.P377 2009 |
| 060 | 0 | 0 | _a2008 K-788 |
| 060 | 1 | 0 |
_aWX 215 _bP298 2009 |
| 082 | 0 | 4 |
_a362.18 _222 |
| 084 |
_aVp _2kssb/8 |
||
| 084 |
_aVe _2kssb/8 |
||
| 245 | 1 | 0 |
_aPatient safety in emergency medicine / _c[edited by] Pat Croskerry .. |
| 264 | 1 |
_aPhiladelphia : _bWolters Kluwer Health/Lippincott Williams & Wilkins, _ccop. 2009 |
|
| 300 |
_axvii, 428 s. _bill. _c29 cm |
||
| 340 | _b29 cm | ||
| 504 | _aIncludes bibliographical references and index. | ||
| 650 | 7 |
_aPatientsäkerhet _0https://id.kb.se/term/sao/Patients%C3%A4kerhet _2sao |
|
| 650 | 7 |
_aAkutmedicin _0https://id.kb.se/term/sao/Akutmedicin _2sao |
|
| 650 | 0 | _aEmergency medical services. | |
| 650 | 0 | _aEmergency medicine. | |
| 650 | 0 |
_aPatients _xSafety measures. |
|
| 650 | 0 |
_aMedical errors _xPrevention. |
|
| 650 | 1 | 2 |
_aEmergency Medical Services _xorganization & administration. |
| 650 | 1 | 2 |
_aMedical Errors _xprevention & control. |
| 650 | 2 | 2 |
_aSafety Management _xmethods. |
| 650 | 0 | _aEmergency medicine | |
| 653 | _aAkutvård | ||
| 653 | _aAkutmedicin | ||
| 653 | _aPatientsäkerhet | ||
| 653 | _aBehandlingsfel | ||
| 653 | _aPrevention | ||
| 653 | _aEmergency nursing | ||
| 653 | _aEmergency medicine | ||
| 653 | _aPatient safety | ||
| 653 | _aMedical errors | ||
| 700 | 1 |
_aCroskerry, Pat _4edt |
|
| 856 | 4 | 1 |
_3Table of contents only _uhttp://www.loc.gov/catdir/enhancements/fy0828/2008014011-t.html |
| 856 | 4 | 2 |
_3Publisher description _uhttp://www.loc.gov/catdir/enhancements/fy0828/2008014011-d.html |
| 887 |
_a{"@id":"j2vvsgpv4t3kwx6","modified":"2012-01-27T08:02:31+01:00","checksum":"88669783124"} _2librisxl |
||
| 887 |
_a{"@id":"x282h5j3270bh49","modified":"2015-03-11T14:11:03+01:00","checksum":"80375680511"} _2librisxl |
||
| 887 |
_a{"@id":"jnvz6wdp36ps1hp","modified":"2020-02-26T14:06:14.764+01:00","checksum":"90650457813"} _2librisxl |
||
| 887 |
_a{"@id":"glsvnvxm5rnxnpg","modified":"2018-01-04T18:35:00+01:00","checksum":"98794042196"} _2librisxl |
||
| 887 |
_a{"@id":"8dlnwztf223bsr9","modified":"2009-10-06T16:42:02+02:00","checksum":"73186608921"} _2librisxl |
||
| 887 |
_a{"@id":"8ksvcv8t6czw4lpf","modified":"2019-08-21T12:16:32.384+02:00","checksum":"82385133589"} _2librisxl |
||
| 887 |
_a{"@id":"qv24t16w5gdzgdb","modified":"2009-11-05T12:43:42+01:00","checksum":"76633822310"} _2librisxl |
||
| 887 |
_a{"@id":"tz5j3l002cht90b","modified":"2019-12-02T13:03:12.885+01:00","checksum":"89757154486"} _2librisxl |
||
| 942 |
_2z _cBOOK |
||